Satte Pe Satta (Record no. 20829)

MARC details
000 -LEADER
fixed length control field 02593ngm a2200457 4500
003 - CONTROL NUMBER IDENTIFIER
control field dpl
005 - DATE AND TIME OF LATEST TRANSACTION
control field 2009011203503.0
007 - PHYSICAL DESCRIPTION FIXED FIELD--GENERAL INFORMATION
fixed length control field DVD
008 - FIXED-LENGTH DATA ELEMENTS--GENERAL INFORMATION
fixed length control field ||||||sp199 xxu|||||c ||| 00| 0 ng d
010 ## - LIBRARY OF CONGRESS CONTROL NUMBER
LC control number DVD-002023-2025 & DVD-005217-5220
024 ## - OTHER STANDARD IDENTIFIER
Standard number or code SHE DVD 104
Terms of availability 99.00
035 ## - SYSTEM CONTROL NUMBER
System control number DVD-002023-2025
035 ## - SYSTEM CONTROL NUMBER
System control number DVD-005217-5220
040 ## - CATALOGING SOURCE
Original cataloging agency DPL
Transcribing agency DPL
082 ## - DEWEY DECIMAL CLASSIFICATION NUMBER
Classification number DVD / SATT
245 ## - TITLE STATEMENT
Title Satte Pe Satta
Statement of responsibility, etc N. C. Sippy Presents
Medium [videorecording] DVD/
260 ## - PUBLICATION, DISTRIBUTION, ETC. (IMPRINT)
Name of publisher, distributor, etc Shemaroo Video Pvt. Ltd.
300 ## - PHYSICAL DESCRIPTION
Extent 1 videodisc DVD; (155 min.)
Other physical details sd., col. ;
Dimensions 4 3/4 in.
Type of unit DVD
440 ## - SERIES STATEMENT/ADDED ENTRY--TITLE
Title Shemaroo Home Entertainment
538 ## - SYSTEM DETAILS NOTE
System details note Dolby Digital 5.1 - Hindi Subtitles: English
538 ## - SYSTEM DETAILS NOTE
System details note Anamorphic Wide Screen Format, Presented 2:35.1 Aspect Ratio Enhancaead for 16:9 Wide Screen
650 ## - SUBJECT ADDED ENTRY--TOPICAL TERM
Topical term or geographic name as entry element Motion Picture
700 ## - ADDED ENTRY--PERSONAL NAME
Personal name Sippy, Romu N.
700 ## - ADDED ENTRY--PERSONAL NAME
Personal name Sippy, Raj N.
700 ## - ADDED ENTRY--PERSONAL NAME
Personal name Burman, R. D.
700 ## - ADDED ENTRY--PERSONAL NAME
Personal name Bachchan, Amitabh
700 ## - ADDED ENTRY--PERSONAL NAME
Personal name Hema Malini
700 ## - ADDED ENTRY--PERSONAL NAME
Personal name Kapoor, Shakti
700 ## - ADDED ENTRY--PERSONAL NAME
Personal name Sachin
700 ## - ADDED ENTRY--PERSONAL NAME
Personal name Ranjeeta
942 ## - ADDED ENTRY ELEMENTS (KOHA)
Koha item type CD-ROMs, DVDs, VHS
Source of classification or shelving scheme Dewey Decimal Classification
Classification part DVD
Call number suffix SATT
Holdings
Withdrawn status Lost status Source of classification or shelving scheme Damaged status Not for loan Home library Current library Date acquired Source of acquisition Cost, normal purchase price Total Checkouts Full call number Barcode Date last seen Date checked out Copy number Cost, replacement price Price effective from Koha item type Total Renewals
    Dewey Decimal Classification     Central Library Central Library 12/01/2009 Purchase 99.00 14 DVD SATT DVD-002023 16/03/2013 04/03/2013 1 99.00 12/01/2009 CD-ROMs, DVDs, VHS  
    Dewey Decimal Classification     Janak Puri Janak Puri 04/12/2009 Pioneers/885/29-10-09/325/13-10-09 /06-11-09 99.00 4 DVD SATT DVD-005217 24/08/2013 12/08/2013 1 99.00 04/12/2009 CD-ROMs, DVDs, VHS  
    Dewey Decimal Classification     Karol Bagh Karol Bagh 04/12/2009 Pioneers/885/29-10-09/325/13-10-09 /06-11-09 99.00 3 DVD SATT DVD-005220 12/08/2010 26/06/2010 1 99.00 04/12/2009 CD-ROMs, DVDs, VHS  
    Dewey Decimal Classification     Patel Nagar Patel Nagar 12/01/2009 Purchase 99.00 12 DVD SATT DVD-002025 16/06/2017 06/06/2017 1 99.00 12/01/2009 CD-ROMs, DVDs, VHS  
    Dewey Decimal Classification     R.K.Puram-8 R.K.Puram-8 04/12/2009 Pioneers/885/29-10-09/325/13-10-09 /06-11-09 99.00 1 DVD SATT DVD-005218 28/06/2011 16/06/2011 1 99.00 04/12/2009 CD-ROMs, DVDs, VHS  
    Dewey Decimal Classification     Sarojini Nagar Sarojini Nagar 12/01/2009 Purchase 99.00 15 DVD SATT DVD-002024 09/03/2016 04/03/2016 1 99.00 12/01/2009 CD-ROMs, DVDs, VHS 1
    Dewey Decimal Classification     Vinoba Puri Vinoba Puri 04/12/2009 Pioneers/885/29-10-09/325/13-10-09 /06-11-09 99.00 5 DVD SATT DVD-005219 25/07/2016 19/07/2016 1 99.00 04/12/2009 CD-ROMs, DVDs, VHS  

© Delhi Public Library
Hit Counter
free hit counter